| 000 | 00630cam a2200181 4500 | ||
|---|---|---|---|
| 082 |
_a625.7 _bCOL _cD |
||
| 100 | 1 |
_aCollins, Horatio John. _943525 |
|
| 245 | 0 | 0 |
_aPrinciples of road engineering, _cby H. John Collins ... and C. A. Hart ... |
| 260 |
_aLondon, _bE. Arnold & co., _c1936. |
||
| 300 |
_axv, 1, 628 p. incl., front., tables. _billus., xx fold. pl., maps, diagrs. _c24 cm. |
||
| 490 | 1 | _aThe Roadmakers' library, vol. VI | |
| 500 | _aSeries title in part at head of t.-p. | ||
| 526 |
_a0 _b0 _c0 _d625_700000000000000_COL |
||
| 650 | 0 |
_aMCE _9379 |
|
| 650 | 0 | _aRoads. | |
| 700 | 1 |
_aHart, C. A. _943526 |
|
| 942 |
_2ddc _cBK |
||
| 999 |
_c547320 _d547320 |
||